Normal view
MARC view
- Berumen Arellano, Sergio Alejandro
Entry Nombre Personal
001 - NUMERO DE CONTROL
- campo de control: 40849
003 - IDENTIFICADOR DE NUMERO DE CONTROL
- campo de control: UPN
005 - FECHA Y HORA DE LA ÜLTIMA TRANSACCIÓN
- campo de control: 20210219194601.0
008 - DATOS DE LONGITUD FIJA
- campo de control de longitud fija: nabaccnnaabn|||||||||| b |nc|||||d
035 ## - NUMERO DE CONTROL
- Número de control: UPN11000012956
040 ## - FUENTE DE CATALOGACIÓN
- Lenguaje de catalogación: SPA
- Agencia de transcripción: UPN
100 1# - ENCABEZAMIENTO - NOMBRE PERSONAL
- Nombre personal: Berumen Arellano, Sergio Alejandro
670 ## - FUENTE EN LA QUE SE LOCALIZARON DATOS
- Cita de la fuente: T
- Información localizada: Principios de economía
680 ## - NOTA PUBLICA DE ACCESO PÚBLICO
- Frase explicativa de la referencia: Dr. en Economía Internacional y Desarrollo (Univ. Complutense de Madrid). Dr. en Ciencias Políticas y Sociología (Univ. Pontificia de Salamanca)
902 ## - CATALOGADOR
- Catalogador: EMR/241117
